000 00320nam a2200133Ia 4500
008 240624s9999 xx 000 0 und d
041 _aeng
082 _a891.43 SAW
100 _aSAWANT SHIVAJI
245 _aCHHAVA
260 _c2015
_aNew Delhi
_bBharatiya Jnanpith
300 _a855 : p. : cm. ; 22
365 _cRS
_b25
999 _c28041
_d28041